000 01204nam0a2200301 4500
001 RU\NLR\bibl\1266719
005 20260409070642.0
010 _a978-5-89815-862-0
021 _aRU
_b2008-51594
_92857
035 _a(NLR Aleph) 001252634
090 _a328786
_c328786
100 _a20080828d2007 |||y0rusy50 ca
101 0 _arus
102 _aRU
105 _aa |||||||||
200 1 _aИгры и упражнения для развития у детей общих речевых навыков
_e(5-6 лет)
_fГ.А. Османова, Л.А. Позднякова
210 _aСанкт-Петербург
_cКАРО
_d2007
215 _a80 с., [16] л. цв. ил.
_cил.
_d24
225 1 _aМастер-класс логопеда
606 _aДошкольники
_xРазвитие речи
_9957151
_3RU\NLR\auth\66356888
686 _aЧ411.382.11
700 1 _4070
_7ca
_8rus
_aОсманова
_bГ. А.
_gГурия Абдулбарисовна
_954295
_3RU\NLR\auth\7771367
701 1 _aПозднякова
_bЛ. А.
_gЛариса Александровна
_4070
801 0 _aRU
_bNLR
_c20080828
_gRCR
801 1 _aRU
_bNLR
_c20080828
942 _cBOOK
980 _aNB